Apuntes para la historia del Estado de Hidalgo (Record no. 9002)

MARC details
000 -CABECERA
campo de control de longitud fija 00675nam a2200229 a 4500
001 - NÚMERO DE CONTROL
campo de control BRL_189
005 - FECHA Y HORA DE LA ÚLTIMA TRANSACCIÓN
campo de control 20190320210628.0
008 - DATOS DE LONGITUD FIJA--INFORMACIÓN GENERAL
campo de control de longitud fija 910624s1986 mx-#######---#000-0#spa-c
041 ## - CÓDIGO DE LENGUA
Código de lengua del texto/banda sonora o título independiente spa
044 ## - CÓDIGO DEL PAÍS DE LA ENTIDAD EDITORA/PRODUCTORA
Código MARC del país mx
050 #4 - SIGNATURA TOPOGRÁFICA DE LA BIBLIOTECA DEL CONGRESO
Número de clasificación F1291
Número de documento/Ítem .G84 1986
100 1# - ENTRADA PRINCIPAL--NOMBRE DE PERSONA
Nombre de persona Guerrero Guerrero, Raúl
9 (RLIN) 23177
245 10 - MENCIÓN DE TÍTULO
Título Apuntes para la historia del Estado de Hidalgo
Mención de responsabilidad, etc. Raúl Guerrero Guerrero.
260 ## - PUBLICACIÓN, DISTRIBUCIÓN, ETC.
Lugar de publicación, distribución, etc. Pachuca, Hidalgo
Nombre del editor, distribuidor, etc. Editorial Libros de México
Fecha de publicación, distribución, etc. 1986
300 ## - DESCRIPCIÓN FÍSICA
Extensión 213 p.
Dimensiones 21 cm.
500 ## - NOTA GENERAL
Nota general Incluye dedicatoria para Ruth Lechuga
500 ## - NOTA GENERAL
Nota general Au235
504 ## - NOTA DE BIBLIOGRAFÍA, ETC.
Nota de bibliografía, etc. Bibliografía: p. 191-194
651 #4 - PUNTO DE ACCESO ADICIONAL DE MATERIA--NOMBRE GEOGRÁFICO
Nombre geográfico Hidalgo (México)
Subdivisión general Historia
9 (RLIN) 23178
902 ## - CATALOGADOR
Iniciales GRL
942 ## - ELEMENTOS DE PUNTO DE ACCESO ADICIONAL (KOHA)
Fuente del sistema de clasificación o colocación Library of Congress Classification
Tipo de ítem Koha Libros
Holdings
Estado de retiro Estado de pérdida Estado dañado No para préstamo Localización permanente Ubicación/localización actual Fecha de adquisición Número de inventario Total de préstamos Signatura topográfica completa Código de barras Fecha visto por última vez Precio válido a partir de Tipo de ítem Koha
El ejemplar forma parte de la colección y puede ser consultado según las políticas vigentes.       Biblioteca Centro de Estudios Ruth D. Lechuga Biblioteca Centro de Estudios Ruth D. Lechuga 12/12/2012 Au235   F1291 .G84 1986 (Au235) GRL00201 22/03/2019 22/03/2019 Libros